les 46 critères de degustation - Statistiques

Statistiques générales
  • Ce quiz a été pris 96 fois
  • Le résultat moyen est 8 sur 46
Statistiques - réponses
Réponse % Correct
robe
62%
reflets
54%
limpidité
46%
effervescence
38%
acidité
31%
cépage
31%
franchise
31%
hypothese
31%
hypothese
31%
matière colorante
31%
sucre
31%
Appellation
23%
densité
23%
nature du bouquet
23%
persistance aromatique
23%
qualité
23%
qualité
23%
accord fromage
15%
alcool
15%
domaine
15%
élevage
15%
évolution du bouquet
15%
familles aromatiques
15%
intensité positive
15%
millésime
15%
parfums
15%
précision aromatique
15%
types d'aromes
15%
verrerie
15%
accord gastronomique
8%
accord traditionnel
8%
coeur de bouche
8%
entrée en bouche
8%
harmonie
8%
intensité aromatique
8%
minéralité
8%
persistance odorante
8%
polyalcool
8%
potentiel d'évolution
8%
rétrolfaction
8%
tanins
8%
température de service
8%
accord original
0%
geste de service
0%
maturité de la vendange
0%
qualification de la finale
0%
Aucun quiz correspondant
Distribution des résultats
% des personnes avec chaque résultat
Percentile par nombre de réponses
Votre historique - résultats
Vous n’avez pas pris ce quiz